| 000 | 00627nam a22001817a 4500 | ||
|---|---|---|---|
| 999 |
_c18410 _d18410 |
||
| 003 | AR-CdUCM | ||
| 008 | 190513b ||||| |||| 00| 0 spa d | ||
| 040 |
_aMUNICIPALIDAD PROVINCIAL DEL CUSCO _cBIBLIOTECA MUNICIPAL DEL CUSCO |
||
| 082 |
_a818.39 / _bG53 |
||
| 100 |
_aGirri Alberto. _95157 |
||
| 245 | _aQuince poetas norteamericanos / | ||
| 260 |
_c1966. _aBuenos Aires : _bOmeba, |
||
| 300 |
_a287 páginas ; _c21 cm. |
||
| 505 | _aContenido : Stanley Kunitz -- Richard Eberhart -- Theodore roethke -- Kenneth Patchen -- Randall Jarrell ... | ||
| 650 |
_aPoetas. _91966 |
||
| 942 |
_2ddc _cLIBROS |
||
| 945 |
_arum _d2019-05-13 |
||